000 00373nam a2200145Ia 4500
008 230519s9999 xx 000 0 und d
020 _a1-55664-557-0
041 _aeng
082 _a616.1/GRA/DB0540
100 _aGrauer Ken
_9180401
245 _aPractical Guide to ECG Interpretation
260 _bMosby
_aSt Louis
_c1998
300 _a492p
999 _c159280
_d159280